Score 0/20 Timer 05:00
11 Plays Today
% Correct
Mrs. Doubtfire
92%
Cast Away
89.3%
The Devil Wears Prada
88.7%
The Truman Show
87.6%
Gangs Of New York
86.9%
The Hangover
86.5%
Crocodile Dundee
85.7%
The Martian
85%
Psycho
84.7%
Big
83.4%
% Correct
Sherlock Holmes
80.5%
O Brother, Where Art Thou?
79.8%
The Wrestler
79.3%
Gravity
73.7%
The Royal Tenenbaums
70.1%
Spartacus
64.9%
Boogie Nights
61.5%
Marathon Man
59.7%
I'm Not There.
56.5%
Adaptation.
54.1%
Remove Ads.
Support Sporcle.
Get the best of Sporcle when you Go Orange. This ad-free experience offers more features, more stats, and more fun while also helping to support Sporcle. Thank you for becoming a member.

You're not logged in!

Compare scores with friends on all Sporcle quizzes.
OR
Log In

Sporcle TV

Today on Sporcle TV


Watch our educational content, quiz creation guides, and fun videos on Sporcle TV.

Show Comments

Extras

Top Quizzes Today


Score Distribution

Paid Content

Your Account Isn't Verified!

In order to create a playlist on Sporcle, you need to verify the email address you used during registration. Go to your Sporcle Settings to finish the process.

Report this User

Report this user for behavior that violates our Community Guidelines.

Details: